000
00324nam a2200145Ia 4500
005
20251222153522.0
008
251222s9999||||xx |||||||||||||| ||spa||
020
_a
8434598515
082
_a
938.070.92/R41
100
_a
Renault, Mary
245
0
_a
Alejandro Magno
250
_a
1ra.ed.
264
_b
Salvat
942
_c
LIB
999
_c
29766
_d
29766